00682nam a22001937a 450000500170000001000150001702000270003203500140005903700130007308200130008610000190009924500680011826000450018627000390023130000310027094200270030199900190032895201410034720170629151959.0 aENG-119053 c1275.00a9788178331546 aEN-102585 bDBAD/PUB a635.0484 aPanda, Himadri aHandbook on organic farming and processing /cby Himadri Panda  aDelhibAsia Pacific Business Pressc2013 a106- E, Kamla NagarbDelhie110007 axvi,384p.:c21cm(pbk)bill 2ddccENh635.0484mPAN c142175d142175 001040718NFICaDBADbDBADd2017-06-29eDBAD/PUBg1275.00l0o635.0484 PANpEN-102585r2017-06-29 00:00:00t1v1275.00w2017-06-29yEN